|
|
|
|
| LEADER |
00000ntm a22000007u 4500 |
| 001 |
zp15589 |
| 041 |
|
|
|a cze
|
| 100 |
1 |
|
|a Marčišová, Jarmila
|4 dis
|
| 245 |
1 |
0 |
|a Budúcnost fantázie
|
| 246 |
|
|
|a Futur Fantasy
|
| 260 |
|
|
|c 2010
|
| 500 |
|
|
|a Studijní obor: Multimedia a design - Design oděvů
|
| 500 |
|
|
|a Studijní obor: Multimedia and Design - Fashion Design
|
| 500 |
|
|
|a Ústav: Ústav designu oděvu a obuvi
|
| 500 |
|
|
|a Univerzita Tomáše Bati ve Zlíně. Fakulta multimediálních komunikací
|
| 500 |
|
|
|a Tomas Bata University in Zlín. Faculty of Multimedia Communications
|
| 506 |
|
|
|a Bez omezení
|
| 653 |
|
|
|a Sci-fi
|
| 653 |
|
|
|a bojovnost
|
| 653 |
|
|
|a vízia budúcnosti
|
| 653 |
|
|
|a robotika
|
| 653 |
|
|
|a Hussein Chalayan
|
| 653 |
|
|
|a sci-fi
|
| 653 |
|
|
|a combat
|
| 653 |
|
|
|a robotic
|
| 653 |
|
|
|a Hussein Chalayan
|
| 655 |
|
4 |
|a bakalářská práce
|
| 700 |
1 |
|
|a Štraneková, Mária
|4 ths
|
| 710 |
2 |
|
|a Univerzita Tomáše Bati ve Zlíně. Fakulta multimediálních komunikací
|4 dgg
|
| 710 |
2 |
|
|a Tomas Bata University in Zlín. Faculty of Multimedia Communications
|4 dgg
|
| 856 |
4 |
0 |
|u http://hdl.handle.net/10563/14179
|y Plný text v Digitální knihovně UTB
|